Financial Accounting (Record no. 113953)

MARC details
000 -LEADER
fixed length control field 00313pam a2200133 a 4500
020 ## - INTERNATIONAL STANDARD BOOK NUMBER
Terms of availability
041 ## - LANGUAGE CODE
Language code of original
082 ## - DEWEY DECIMAL CLASSIFICATION NUMBER
Classification number 658.14999999999998
Item number SON
100 ## - MAIN ENTRY--PERSONAL NAME
Personal name Sontakke,K.A.
245 ## - TITLE STATEMENT
Title Financial Accounting
Medium Textual Documents
260 ## - PUBLICATION, DISTRIBUTION, ETC.
Place of publication, distribution, etc. Mumbai
Name of publisher, distributor, etc. Himalay Publishing House
Date of publication, distribution, etc. 2009
300 ## - PHYSICAL DESCRIPTION
Extent 337
930 ## - EQUIVALENCE OR CROSS-REFERENCE-UNIFORM TITLE HEADING [LOCAL, CANADA]
Uniform title 7126
Holdings
Withdrawn status Lost status Damaged status Not for loan Collection Home library Current library Shelving location Date acquired Cost, normal purchase price Total Checkouts Full call number Barcode Date last seen Copy number Price effective from Koha item type
          Abhijit Kadam Institute of Management & Social Science, Solapur Abhijit Kadam Institute of Management & Social Science, Solapur   01/04/2010 290.00   658.14999999999998 SON AKS-X-00184 01/03/2023 1 01/03/2023 Book